Villes de l'Ardèche A-Z - Statistiques

Statistiques générales
  • Ce quiz a été pris 116 fois
  • Le résultat moyen est 10 sur 16
Statistiques - réponses
Lettre Réponse % Correct
S Saint-Agrève / Saint-Jean-de-Muzols / Saint-Etienne-de-Fontbellon / Saint-Georges-les-Bains / Saint-Péray / Saint-Alban-d'Ay / Saint-Alban-Auriolles / Saint-Barthélémy-le-Plain / Saint-Clair / Saint-Germain/ Saint-Julien-en-Saint-Alban / Saint-Cyr / Sains-Didier-sous-Aubenas / Saint-Désirat / Saint-Félicien / Saint-Jean-le-Centenier / Saint-Julien-de-Serre / Saint-Just-d'Ardèche / Saint-Marcel-d'Ardèche / Saint-Lager-Bressac / Saint-Laurent-du-Pape / Saint-Marcel-lès-Annonay / Saint-Martin-d'Ardèche / Sarras / Satillieu / Serrières / Saint-Martin-de-Valamas / Saint-Montan / Saint-Paul-le-Jeune / Saint-Privat / Saint-Priest / Saint-Romain-d'Ay / Saint-Remèze / Saint-Romain-de-Lerps / Saint-Sernin / Saint-Sauveur-de-Montagut / Saint-Symphorien-sous-Chomérac / Savas / Salavas / Saint-Victor / Saint-Vincent-de-Barrès / Soyons
98%
A Annonay / Aubenas / Ardoix / Andance / Alba-la-Romaine / Alissas
96%
V Vallées-d'Antraigues-d'Asperjoc / Vallon-Pont-d'Arc / Veyras / Villeneuve-de-Berg / Vals-les-Bains / Vans / Voulte-sur-Rhône / Viviers / Vanosc / Vernosc-lès-Annonay / Vernoux-en-Vivarais / Vesseaux / Villevocance / Vogüé / Vion / Vinezac
89%
P Privas / Peaugres / Pouzin / Prades / Plats / Préaux
87%
L Labégude / Lalevade-d'Ardèche / Lablachère / Lachapelle-sous-Aubenas / Lagorce / Lamastre / Largentière / Laurac-en-Vivarais / Lavilledieu / Lemps / Limony / Lussas
84%
T Talencieux / Thueyts / Teil / Tournon-sur-Rhône / Toulaud
70%
B Boulieu-lès-Annonay / Berrias-et-Casteljau / Baix / Beauchastel / Bourg-Saint-Andéol
66%
C Cheylard / Chomerac / Cruas / Charmes-sur-Rhône / Coux / Chambonas / Charnas / Chassiers / Cornas / Coucouron
61%
R Roiffieux / Ruoms / Rochemaure / Rosières / Rompon
58%
J Jaujac / Joyeuse
49%
G Grospierres / Guilherand-Granges
41%
I ; N ; O ; Q ; U Issamoulenc / Issarlès / Issanlas / Nozières / Ollières-sur-Eyrieux / Quintenas / Ucel
41%
D Davézieux / Desaignes
35%
F Félines / Flaviac
29%
M Mauves / Mercuer / Meysse / Meyras / Mirabel / Montpezat-sous-Bauzon
29%
E Eclassan / Etables
22%
Aucun quiz correspondant
Distribution des résultats
% des personnes avec chaque résultat
Percentile par nombre de réponses
Votre historique - résultats
Vous n’avez pas pris ce quiz